Faktory ovplyvňujúce konkurencieschopnosť podniku diplomová práca

Saved in:
Bibliographic Details
Main Author: Šobáňová, Monika
Corporate Author: Fakulta podnikového manažmentu EU. Katedra manažmentu
Other Authors: Hudáková, Ivana, 1976-
Format: Book
Language:Slovak
Published: Bratislava 2011
Tags: Add Tag
No Tags, Be the first to tag this record!

MARC

LEADER 00000nbm a2200000 4500
001 0131557
005 20161109101714.0
041 0 |a slo 
044 |a SK 
245 1 0 |a Faktory ovplyvňujúce konkurencieschopnosť podniku  |b diplomová práca  |c Monika Šobáňová ; školiteľ: Ivana Hudáková 
264 1 |a Bratislava  |c 2011 
300 |a 71 s. 
100 1 |a Šobáňová, Monika 
700 1 |a Hudáková, Ivana, 1976- 
710 2 |a Fakulta podnikového manažmentu EU. Katedra manažmentu